SOCIOLOGIA RURAL LATINOAMERICANA/

Wedi'i Gadw mewn:
Manylion Llyfryddiaeth
Prif Awdur: Solari, Aldo E. (autor)
Fformat: Llyfr
Cyfres:BIBLIOTECA AMERICA LATINA; 11
Pynciau:
Tagiau: Ychwanegu Tag
Dim Tagiau, Byddwch y cyntaf i dagio'r cofnod hwn!

MARC

LEADER 00000nam^a2200000^a^4500
001 000224120
005 20250521000000.0
009 20260310104038.024
035 |a 042933 
037 |a Acervo Xavier Clavigero 
082 |a 307. 72  |b SOL 
100 |a Solari, Aldo E.  |e (autor) 
245 1 0 |a SOCIOLOGIA RURAL LATINOAMERICANA/  |c ALDO E. SOLARI 
264 |a BUENOS AIRES :  |b PAIDOS,  |c 1971 
300 |a 115p. 
336 |a texto  |b txt  |2 rdacontenido 
337 |a sin mediación  |b n  |2 rdamedio 
338 |a volumen  |b nc  |2 rdasoporte 
440 |a BIBLIOTECA AMERICA LATINA;  |v 11 
649 |a XX 
650 |a Sociología Rural 
650 |a PROBLEMAS SOCIALES 
910 |a Fondo General 
920 |a Impresos - Libros 
930 |a Colección General 
905 |a 101 
901 |a 042933  |b IT1  |c ACC  |i 042933  |u 20250521 
902 |a https://opac.biblio.iteso.mx/vufind/Record/000224120